| 000 | 01331cam a2200313 a 4500 | ||
|---|---|---|---|
| 001 | 11975336 | ||
| 003 | OSt | ||
| 005 | 20240415125517.0 | ||
| 008 | 000414s2001 caua b 001 0 eng | ||
| 010 | _a 00039881 | ||
| 020 | _a0534546897 | ||
| 040 |
_aDLC _cDLC _dDLC |
||
| 050 | 0 | 0 |
_aHM1033 _b.Z37 2001 |
| 082 | 0 | 0 |
_a150 ZAS 2001 _221 |
| 100 | 1 |
_aZastrow, Charles; Kirst-Ashman, Karen Kay. _95219 |
|
| 245 | 1 | 0 | _aUnderstanding Human Behavior and the Social Environment |
| 250 | _a5th ed. | ||
| 260 |
_aBelmont, CA : _bBrooks, _cc2001. |
||
| 300 |
_a1 v. (various pagings) : _bill. ; _c26 cm. |
||
| 504 | _aIncludes bibliographical references and indexes. | ||
| 650 | 0 |
_aBehavioral assessment. _95220 |
|
| 650 | 0 |
_aSocial psychology. _91818 |
|
| 856 | 4 | 1 |
_3Table of contents only _uhttp://www.loc.gov/catdir/enhancements/fy1409/00039881-t.html |
| 856 | 4 | 2 |
_3Publisher description _uhttp://www.loc.gov/catdir/enhancements/fy1409/00039881-d.html |
| 856 | 4 | 2 |
_3Contributor biographical information _uhttp://www.loc.gov/catdir/enhancements/fy1409/00039881-b.html |
| 906 |
_a7 _bcbc _corignew _d1 _eocip _f20 _gy-gencatlg |
||
| 942 |
_2z _cSLOAN |
||
| 999 |
_c2000 _d2000 |
||